| 000 | 00559ntaaa2200205 4500 | ||
|---|---|---|---|
| 003 | 01 | ||
| 005 | 20251027202917.0 | ||
| 008 | 0714s1973 ag 01 | ||
| 040 |
_aAR-BaBN _bspa _cAR-BaBN _eaacr _dRIC |
||
| 082 | _a922.0000 L76 | ||
| 100 |
_aMatthews, Basil _929529 |
||
| 245 | _aLivingstone the pathfinder | ||
| 250 | _a1 ed. | ||
| 260 |
_aNew York : _bFriendship Press, _cc1912, c1954 |
||
| 300 | _a166 p | ||
| 500 | _aHistoria del misionero David Livingstone (1813-1873) en Africa | ||
| 650 |
_aAfrica _917522 |
||
| 650 | _amisiones-Africa | ||
| 942 | _cBK | ||
| 999 |
_c24318 _d24318 |
||